00000000nas 2200000za 4500
0019.502468
003CaOODSP
00520230830092912
007cr |||||||||||
008150406d200u2009xxc|| p o||||f|   |0fre|d
022 |a1922-7590
040 |aCaOODSP|bfre
043 |an-cn---
0861 |aH115-4F-PDF
24500|aRegistre national des traumatismes. Traumatismes graves au Canada : |brapport.
24613|aTraumatismes graves au Canada
264 1|aOttawa, Ontario : |bInstitut canadien d'information sur la santé
310 |aAnnuel
3621 |aParaît depuis 200- (incluant les données ...); ne paraît plus après 2009?
500 |aLe sous-titre varie : Blessures graves au Canada, 2009.
5203 |aContient des données sur les patients hospitalisés en raison d'un traumatisme grave. Les données proviennent du fichier étendu du Registre.
69107|aBlessure|2gcpds
7101 |aCanada. |bInstitut canadien d'information sur la santé, |eorganisme de publication.
77508|tNational Trauma Registry. Major injury in Canada : |w(CaOODSP)9.506066
7760#|tRapport, traumatismes graves au Canada |w(CaOODSP)9.514032